Loading...
| Fine Arts - Classical Music | 0 | 5 | 0 | 0 | 50 | 85 | 102.40 | 0 | 0 | 4.62 | 11.00 |
| History - World | 0 | 4 | 0 | 2 | 40 | 76 | 104.50 | 0 | 1 | 3.03 | 8.00 |
| History - European | 0 | 3 | 0 | 2 | 30 | 76 | 110.33 | 0 | 0 | 1.55 | 5.50 |
| Religion | 0 | 3 | 0 | 0 | 30 | 42 | 64.67 | 1 | 2 | 7.38 | 13.00 |
| Social Science | 0 | 2 | 0 | 0 | 20 | 98 | 106.50 | 0 | 1 | 1.44 | 4.75 |
| Fine Arts - Visual | 0 | 2 | 0 | 1 | 20 | 135 | 143.50 | 0 | 0 | 0.00 | 1.50 |
| Literature - American | 0 | 2 | 0 | 0 | 20 | 106 | 123.50 | 0 | 0 | 1.50 | 4.50 |
| Science - Physics | 0 | 2 | 0 | 0 | 20 | 104 | 105.00 | 0 | 1 | 2.63 | 8.50 |
| History - Other | 0 | 2 | 1 | 0 | 15 | 50 | 78.00 | 1 | 1 | 3.81 | 8.00 |
| Literature - British | 0 | 1 | 0 | 1 | 10 | 147 | 147.00 | 0 | 0 | 0.64 | 1.00 |
| Literature - European | 0 | 1 | 0 | 0 | 10 | 126 | 126.00 | 0 | 1 | 0.63 | 5.00 |
| Literature - World/Other | 0 | 1 | 0 | 0 | 10 | 121 | 121.00 | 0 | 0 | 0.77 | 1.00 |
| Philosophy | 0 | 1 | 0 | 1 | 10 | 121 | 121.00 | 0 | 0 | 0.00 | 1.50 |
| Geography/Current Events | 0 | 1 | 0 | 1 | 10 | 130 | 130.00 | 0 | 0 | -0.06 | 4.17 |
| Science - Other | 0 | 1 | 0 | 0 | 10 | 73 | 73.00 | 0 | 0 | 1.65 | 2.00 |
| History - American | 0 | 1 | 3 | 0 | -5 | 87 | 87.00 | 0 | 1 | 1.43 | 3.75 |
| Fine Arts - Other | 0 | 0 | 2 | 0 | -10 | 0.00 | 0 | 0 | 0.00 | 1.50 |